00666cam a22002297a 4500003000500000005001700005008004100022010001000063011001000073035001000083040000900093082002200102100004800124245003000172250001000202260007200212300001000284490003800294650003800332650002800370830003800398CHAP20220329141718.0971013s1993 r 00010 d a72642 a73614 a83172 cCHAP a972.081bC38 199300aCastellanos Suárez, José Alfredoecoor.13aLa Revolución 1910-1920 a2 ed. aChapingo, Méx. :bUACH. Dirección de Difusión Cultural,c1993 a434 p 0aUACH. Lecturas. Historia México14aMéxicoxHistoriaxRevolución.14aReforma agrariaxLeyes.0 aUACH. Lecturas. Historia México